000 00728nam a2200277Ia 4500
001 1740
005 20240113233513.0
007 ta
008 050211s1913 a g b000 u asm u
040 _aCotton College,Assam
041 _aasm
082 _a891.41108
_bBe 469 Ka
100 _aBezbarua, Laxminath .
245 0 _aKadam Kali /
_cLaxminath Bezbarua.
_hTextual Documents
250 _a1st ed. /
260 _aCalcutta :
_bD. N. Thakur ,
_c1913.
300 _a131p. :
_bill ;
_c17cm .
500 _a237/Ref/Ass
653 _aAssamese Poetry-Collections
653 _aReference-Assamese
653 _aG-Assamese
942 _2ddc
_cBK
999 _c1735
_d1735